कठोर (Record no. 195085)

MARC details
000 -LEADER
fixed length control field 00336nam a2200145Ia 4500
008 - FIXED-LENGTH DATA ELEMENTS--GENERAL INFORMATION
fixed length control field 090124s9999 xx 000 0 und d
082 ## - DEWEY DECIMAL CLASSIFICATION NUMBER
Item number 305129
245 ## - TITLE STATEMENT
Title कठोर
250 ## - EDITION STATEMENT
Edition statement 1
260 ## - PUBLICATION, DISTRIBUTION, ETC. (IMPRINT)
Name of publisher, distributor, etc कर्णिक हेमन
Date of publication, distribution, etc 2004
300 ## - PHYSICAL DESCRIPTION
Extent 153
630 ## - SUBJECT ADDED ENTRY--UNIFORM TITLE
Uniform title कठोर
730 ## - ADDED ENTRY--UNIFORM TITLE
Uniform title कठोर
942 ## - ADDED ENTRY ELEMENTS (KOHA)
Koha item type Book
Holdings
Withdrawn status Lost status Damaged status Not for loan Home library Current library Date acquired Cost, normal purchase price Total Checkouts Full call number Barcode Date last seen Cost, replacement price Price effective from Koha item type
        Marathi Granth Sangrahalaya,Thane Marathi Granth Sangrahalaya,Thane   140.00   305129 THNMGS-305129 01/24/2009 140.00 01/24/2009 Book